Metallica Song To Album #1 - Statistics

General Stats
  • This quiz has been taken 130 times
  • The average score is 15 of 20
Answer Stats
Song Album % Correct
One And Justice For All
98%
Sad But True Metallica
96%
The Call Of Ktulu Ride The Lightning
93%
Orion Master Of Puppets
92%
Lux Æterna 72 Seasons
89%
The Memory Remains Reload
85%
Harvester Of Sorrow And Justice For All
84%
The Unforgiven III Death Magnetic
80%
(Anesthesia)—Pulling Teeth Kill 'em All
80%
Jump In The Fire Kill 'em All
78%
Escape Ride The Lightning
77%
Frantic St. Anger
72%
Through The Never Metallica
71%
Inamorata 72 Seasons
68%
Hero Of The Day Load
67%
The Outlaw Torn Load
64%
Spit Out The Bone Hardwired...To Self-Destruct
63%
That Was Just Your Life Death Magnetic
59%
Purify St. Anger
59%
Am I Savage? Hardwired...To Self-Destruct
54%
No matching quizzes found
Score Distribution
Percent of People with Each Score
Percentile by Number Answered
Your Score History
You have not taken this quiz